000 00599nam a2200229Ia 4500
005 20260430150121.0
008 008 250103s9999 xx 000 0 eng d
037 _aTheses
040 _aCRL
040 _beng
040 _ceng
041 _2eng
041 _aeng
084 _qCRL
100 _aDeepak Prasad Au.; Yaruingam A.S. Gu.
_91236510
245 0 _aChinese Investment in Africa a case study of Nigeria
260 _c2021
300 _a291p.
700 _aUniversity of Delhi. Faculty of Social Science. Deptt. of African Studies
942 _cTH
999 _c1848988
_d1848988